000 00725nab a2200205 4500
003 BR-BrBNA
005 20250630112030.0
008 250630b bl.||||| |||| 00| 0 por d
040 _aBR-BrBNA
_bpor
072 _aF30
100 _aRibeiro, Juliana
245 _aEste homem vai mudar tudo no campo
_bAgroeconomia
500 _a2 illus.; 1 table
650 _aORGANISMO GENETICAMENTE MODIFICADO
650 _aMELHORAMENTO GENÉTICO VEGETAL
650 _aMEIO AMBIENTE
773 0 _01706
_9347881
_dSão Paulo-SP Editora Três Ltda - E-mail: luizfsa@revistadinheiro.com.br 2004
_o2025-0380
_tDinheiro Rural (Brazil)
_x1807-3700
_wBR2025003693
_gv. 6(65) p. 23-24; (Mar 2010)
942 _cANA
999 _c332314
_d332314